000 01372pam a2200301 a 4500
999 _c27420
_d27420
001 1087563
003 OSt
005 20170208123017.0
008 920513s1993 moua b 001 0 eng c
010 _a 92018765
020 _a0801662869 (set)
040 _aDNLM/DLC
_cDLC
_dDLC
050 0 0 _aRF51
_b.O86 1992
060 _aWV 168 O88
082 0 0 _a617.5/1
_220
245 0 0 _aOtolaryngology--head and neck surgery /
_cedited by Charles W. Cummings ; with 274 contributors.
250 _a2nd ed.
260 _aSt. Louis :
_bMosby Year Book,
_cc1993.
300 _a4 v. (xxxvii, 3397, 70 p.) :
_bill. (some col.) ;
_c29 cm.
504 _aIncludes bibliographical references and index.
505 0 _av. 1 General, face, nose, paranasal sinuses / edited by Charles J. Krause -- v. 2. Salivary glands, oral cavity/oropharynx/nasopharynx, neck / edited by David E. Schuller -- v. 3. Larynx/hypopharynx, trachea/bronchus/esophagus, thyroid/parathyroid / edited by John M. Fredrickson -- v. 4. Ear and cranial base / edited by Lee A. Harker.
650 0 _aOtolaryngology, Operative.
650 2 _aOtorhinolaryngologic Diseases
_xsurgery.
700 1 _aCummings, Charles W.
_q(Charles William),
_d1935-
906 _a7
_bcbc
_corignew
_d1
_eocip
_f19
_gy-gencatlg
942 _2lcc
_cBOOKS
_hRF 51 .O86 1992